All Agust D songs - Statistics

General Stats
  • This quiz has been taken 4 times
  • The average score is 14 of 30
Answer Stats
Picture Answer % Correct
Agust D
100%
Daechwita
100%
AMYGDALA
67%
D-Day
67%
Haegeum
67%
Moonlight
67%
People
67%
People Pt.2
67%
SDL
67%
140503 at dawn
33%
28
33%
724148
33%
Burn It
33%
Dear my friend
33%
give it to me
33%
Honsool
33%
HUH?!
33%
Interlude : Dawn
33%
Interlude : Dream, Reality
33%
Interlude : Set me free
33%
Intro : DT sugA
33%
Life Goes On
33%
Polar Night
33%
skit
33%
Snooze
33%
so far away
33%
Strange
33%
The Last
33%
Tony Montana
33%
What do you think?
33%
No matching quizzes found
Score Distribution
Percent of People with Each Score
Percentile by Number Answered
Your Score History
You have not taken this quiz